| 000 | | | 04025nmc2a2200000 x 450 |
| 001 | | | f2b60c0c-50a2-44b0-9866-30b73f87a829 |
| 005 | | | 20160811162347.0 |
| 100 | ## | $a | 20140306l18201825k l0rusy0189 ca |
| 101 | 0# | $a | rus |
| 102 | ## | $a | RU |
| 200 | 1# | $a | Сборник рескриптов и писем императора Александра I Алексею Андреевичу Аракчееву |
| | $j | [1820-е] гг. |
| 251 | ## | $c | Дело |
| 300 | ## | $a | Дело |
| 300 | ## | $a | Ориг. заголовок дела: Рескрипты на имя графа Аракчеева в последнее время жизни императора Александра I |
| 801 | #0 | $a | RU |
| | $b | РГИА |
| | $c | 20140306 |
| | $g | RCR |
| 801 | #1 | $a | RU |
| | $b | ГлавНИВЦ |
| | $c | 20140306 |
| | $2 | rusmarc |
| 801 | #2 | $a | RU |
| | $b | ПБ им. Б.Н. Ельцина |
| | $c | 20160811 |
| | $g | RCR |
| | $2 | rusmarc |
| 850 | ## | $a | РГИА |
| 852 | ## | $a | РГИА |
| | $e | Федеральное казенное учреждение "Российский государственный исторический архив" (РГИА) |
| | $j | 140 |
| | $l | б |
| 937 | ## | $h | РГИА |
| | $d | 11267572 |
| | $a | ASBIBLIO_SCAN |
| 462 | #0 | $1 | 00170c7304f-cf89-4a57-8a64-4694bdd44686 |
| | $1 | 2001 |
| | $a | Опись архива Арсения Андреевича Закревского |
| | $1 | 251 |
| | $c | Опись |
| | $1 | 852 |
| | $j | 1 |
| 461 | #0 | $1 | 0012c90f470-9098-4643-889c-002bc7e4c9b0 |
| | $1 | 2001 |
| | $a | Закревский Арсений Андреевич, граф (1783-1865), адъютант генералов Н. М. Каменского и М. Б. Барклая де Толли; дежурный генерал Главного штаба, финляндский генерал-губернатор, министр внутренних дел, московский генерал-губернатор |
| | $1 | 251 |
| | $c | Фонд |
| | $1 | 852 |
| | $j | 660 |
| 215 | ## | $a | 15 л. |
| | $d | 36,5х26 см |
| 371 | ## | $a | Документ не является опубликованным и широко распространяемым |
| 105 | ## | $a | y### |
| 122 | 2# | $a | d |
| 517 | 1# | $a | Рескрипты на имя графа Аракчеева в последнее время жизни императора Александра I. |
| 035 | ## | $a | f2b60c0c-50a2-44b0-9866-30b73f87a829 |